15 największych miast w województwie świętokrzyskim - Statystyki

Ogólne statystyki
  • Ten quiz został rozwiązany 79 razy
  • Średni wynik to 10 z 15
Statystyki odpowiedzi
Mieszkańcy Miasto % Poprawnych
195 774 Kielce
100%
69 051 Ostrowiec Świętokrzyski
89%
45 358 Skarżysko-Kamienna
85%
23 644 Sandomierz
80%
48 965 Starachowice
80%
19 330 Końskie
77%
15 149 Jędrzejów
75%
15 952 Busko-Zdrój
72%
6 496 Opatów
70%
14 810 Staszów
69%
10 043 Włoszczowa
67%
10 844 Pińczów
64%
8 379 Suchedniów
43%
6 484 Sędziszów
31%
8 120 Połaniec
25%
Nie znaleziono quizów pasujących do podanych kryteriów
Rozkład punktacji
Procent ludzi z każdym wynikiem
Percentyl według liczby udzielonych odpowiedzi
Twoja historia wyników
Nie rozwiązałeś tego quizu